Przemysł i handel końca XIX wieku w guberni płockiej w świetle sprawozdań urzędowych
| Titel: | Przemysł i handel końca XIX wieku w guberni płockiej w świetle sprawozdań urzędowych |
|---|---|
| Verfasser: | |
| In: |
Notatki Płockie, Band 47, Heft 2 (2002), Seite 18-22 alle Artikel anzeigen |
| Veröffentlicht: | 2002 |
| Format: | Aufsatz |
| Sprache: | Polnisch |
X
alg: 39371451 001A $01999:12-11-16 001B $06060:01-04-26 $t00:33:40.000 001C $06050:19-11-16 $t22:34:35.000 001D $01999:12-11-16 001U $0utf8 001X $00 002@ $0Aox 003@ $0393714519 007A $0393714519 $aHEB 007T $0Herdk12710 010@ $apol 011@ $a2002 021A $aPrzemysł i handel końca XIX wieku w guberni płockiej w świetle sprawozdań urzędowych 028A $aŁątkowski $dWaldemar 031A $d47 $e2 $h18-22 $j2002 039B $aIn $8--Abvc--. Notatki Płockie. - Płock : [Verlag nicht ermittelbar], 1956-. - ISSN 0029-389X $x200200000470002982 $9069784094 044K $RWoiwodschaft Płock $#Plozk Gouvernement $#Gubernia płocka $#Płock gubernia $#Plocko gubernija $#Płock Governorate $#Плоцкая губерния $710125090-3 $8Plockaja Gubernija [Tg1] $9135570387 045F $a330.09438 $eDDC23BSB 045F/01 $a330.09 045F/03 $g438 045T $a7,41 lok: 39371451 78 exp: 39371451 78 1 #EPN 201B/01 $018-11-16 $t09:34:55.000 201U/01 $0utf8 203@/01 $0789825007 208@/01 $a12-11-16 $be 209A/01 $a/ $f000 $x00 220C/01 $aTitelaufnehmer: pbb 220C/01 $aHerkunft: IH PAN/PBB Kraków 244Z/01 $2Trx $#Poola $#Lenkija $#Polija $#Polen Land $#Poland $#Lengyelország $#Poľsko $#Polsko $8--Trx--Polska$gkraj $x01 $9391345966 244Z/01 $2Trx $#Płock gubernia $8--Trx--Plozk$gGouvernement $x02 $9391244566 244Z/01 $aGeschichte 1880-1900 $x03 244Z/01 $2Trx $#käsitöö $#amatai $#artisans $#kézmüvesség $#rzemiosło $#remeslá $#řemesla $#Gewerbe $#živnosti $8--Trx--Handwerk $x04 $9391357891 244Z/01 $2Trx $#kaubavahetus üldiselt $#prekyba bendras $#trade $#kereskedelem általános $#handel ogólnie $#obchod všeobecne $#obchod všeobecně $#Gewerbe $#remeslo, živnosť $8--Trx--Handel$gallgemein $x05 $9391373781 244Z/01 $2Trx $8--Trx--Zeitschriftenaufsatz $x06 $9391384341 245Z/01 $a13.02 $x01 245Z/01 $a09.04 $x02 247C/01 $82080>Marburg/Lahn, Herder-Institut, Forschungsbibliothek, Bibliographieportal $9336309341
| LEADER | 00000caa a22000002c 4500 | ||
|---|---|---|---|
| 001 | 393714519 | ||
| 003 | DE-603 | ||
| 005 | 20260401003340.0 | ||
| 007 | tu | ||
| 008 | 161112s2002 xx |||| | u00||u|pol c | ||
| 035 | |a (DE-599)HEB393714519 | ||
| 040 | |a DE-603 |b ger |c DE-603 |d DE-603 | ||
| 041 | |a pol | ||
| 082 | 0 | 4 | |8 1\u |a 330.09438 |q DE-101 |2 23/BSB |
| 084 | |a 7,41 |2 ssgn | ||
| 085 | |8 1\u |b 330.09 | ||
| 085 | |8 1\u |z 2 |s 438 | ||
| 100 | 1 | |a Łątkowski, Waldemar | |
| 245 | 0 | 0 | |a Przemysł i handel końca XIX wieku w guberni płockiej w świetle sprawozdań urzędowych |
| 264 | 0 | |c 2002 | |
| 651 | 7 | |a Plockaja Gubernija |0 (DE-588)10125090-3 |0 (DE-603)135570387 |2 gnd | |
| 773 | 0 | 8 | |i In |t Notatki Płockie |d Płock : [Verlag nicht ermittelbar], 1956- |x 0029-389X |g Band 47, Heft 2 (2002), Seite 18-22 |w (DE-603)069784094 |w (DE-600)1260136-6 |
| 924 | 0 | |9 2080 |a (DE-603)789825007 |b DE-2080 |c HES |d d |g / | |


